| 000 | 00567nam a22001817a 4500 | ||
|---|---|---|---|
| 003 | NUST-PNEC | ||
| 005 | 20170116180724.0 | ||
| 008 | 141031b xxu||||| |||| 00| 0 eng d | ||
| 040 | _cPNEC | ||
| 082 | _a624.02 KHA | ||
| 100 |
_9892 _aKhanna, P. N. |
||
| 245 |
_aPractical civil engineers' handbook : The standard every-day reference book for all civil engineers _cPrem Nath Khanna |
||
| 250 | _aRevised ed. | ||
| 260 |
_aNew Delhi : _bEngineers Publishers, _c1987-88 |
||
| 300 |
_a1 vol. (various pagings) _bill. : _c19 cm. |
||
| 650 | _xME, IME | ||
| 942 |
_2ddc _cBK |
||
| 999 |
_c61554 _d61554 |
||